000 00420nam a2200181Ia 4500
001 24449
005 20260414151044.0
008 260414t2011||||xx |||||||||||||| ||spa||
041 _aESP
082 _a345.7
_bP53
100 _aPicó i Junoy, Joan
_eAUT
245 0 _aLa buene fe procesal
_b
260 _c2011
300 _a148 páginas :
_c19 cm.
650 _aDER
654 _aCDE
942 _cLIB
_dJUS
_fJUS
_2ddc
_n
999 _c24449
_d24449